000 01078nam a22002657a 4500
001 8948
003 FISKH
005 20251111093401.0
008 251111b cb ||||| |||| 00| 0 eng d
020 _a9781842392331
040 _aFISKH
_beng
_cFISKH
_dFISKH
050 _aPZ7
082 _a398.2
100 _aAlligator
_eAuthor
245 _aSleeping beauty :
_bA princess tale /
_cBy Alligator
260 _aLondon :
_bAlligator Books Limited ,
_c2005
300 _a20 pages :
_bcolor illustrations ;
_c24 cm
505 _aG
520 _aSleeping Beauty retells the classic fairy tale of a princess cursed by an evil fairy to prick her finger on a spinning wheel and fall into a deep sleep for a hundred years. Only the kiss of a brave prince can break the spell. With simple text and colorful illustrations, this version introduces young readers to the timeless story of magic, kindness, and true love’s power.
521 8 _a350
_bLexile estimate
521 8 _aG
_bRaz-Plus
650 _aPrincess tale
_vSleeping beauty
942 _2ddc
_cBK
_n0
999 _c8948
_d8948